| 000 | 00592nam a2200193 4500 | ||
|---|---|---|---|
| 999 |
_c191262 _d191262 |
||
| 005 | 20220823161747.0 | ||
| 010 | _aENG-134577 | ||
| 020 |
_a9788170949152 _c395.00 |
||
| 035 | _aEN-118109 | ||
| 037 | _bDBAD/PUB | ||
| 082 | _a332.6322 | ||
| 100 | _aShroff, Aditya | ||
| 245 |
_aStocking picking simplified/ _cAditya Shroff |
||
| 250 | _a2nd ed. | ||
| 260 |
_aNew Delhi _bvision books _c2014 |
||
| 270 |
_a24 Feroze Gandhi Road, Lajpat Nagar 3 _bNew Delhi _e110024 _k011-29840821 _mvisionbooks@gmail.com |
||
| 300 |
_a207p. _c22cm(pbk) |
||
| 942 |
_2ddc _cEN _h332.6322 _mSHR |
||